A munkásmozgalom "hőse" Rákosi Mátyás a bíróság előtt : [absztrakt] /

Elmentve itt :
Bibliográfiai részletek
Szerző: Takács Kitti
Testületi szerző: XIII. Eötvözet : Eötvös Loránd Kollégium konferenciája
Dokumentumtípus: Könyv része
Megjelent: Szegedi Tudományegyetem Eötvös Loránd Kollégium Szeged 2025
Sorozat:Acta Szegediensia Collegii de Rolando Eötvös Nominati : Eötvözet 13
Kulcsszavak:Rákosi Mátyás - előadáskivonat, Politikai élet - Magyarország - 20. sz. - életrajz - előadáskivonat
Tárgyszavak:
Online Access:http://acta.bibl.u-szeged.hu/87968
LEADER 01019naa a2200217 i 4500
001 acta87968
005 20250611122154.0
008 250611s2025 hu o 100 hun d
022 |a 2062-8439 
040 |a SZTE Egyetemi Kiadványok Repozitórium  |b hun 
041 |a hun 
100 1 |a Takács Kitti 
245 1 2 |a A munkásmozgalom "hőse"   |h [elektronikus dokumentum] :  |b Rákosi Mátyás a bíróság előtt : [absztrakt] /  |c  Takács Kitti 
260 |a Szegedi Tudományegyetem Eötvös Loránd Kollégium  |b Szeged  |c 2025 
300 |a 15 
490 0 |a Acta Szegediensia Collegii de Rolando Eötvös Nominati : Eötvözet  |v 13 
650 4 |a Bölcsészettudományok 
650 4 |a Történettudomány és régészet 
695 |a Rákosi Mátyás - előadáskivonat, Politikai élet - Magyarország - 20. sz. - életrajz - előadáskivonat 
711 |a XIII. Eötvözet : Eötvös Loránd Kollégium konferenciája  |c Szeged  |d 2025. május 9-10. 
856 4 0 |u http://acta.bibl.u-szeged.hu/87968/1/eotvozet_013_015.pdf  |z Dokumentum-elérés